100 Greatest Drummers of All Time - Statistics

General Stats
  • This quiz has been taken 198 times
  • The average score is 15 of 100
Answer Stats
Rank Band Drummer % Correct
14 The Beatles Ringo Starr
90%
1 Led Zeppelin John Bonham
86%
2 The Who Keith Moon
76%
27 Nirvana, Foo Fighters Dave Grohl
75%
4 Rush Neil Peart
71%
43 Genesis Phil Collins
66%
3 Cream Ginger Baker
58%
12 The Rolling Stones Charlie Watts
56%
10 The Police Stewart Copeland
56%
64 Red Hot Chili Peppers Chad Smith
54%
51 Van Halen Alex Van Halen
49%
94 The White Stripes Meg White
45%
60 Fleetwood Mac Mick Fleetwood
42%
8 The Jimi Hendrix Experience Mitch Mitchell
42%
99 Blink-182 Travis Barker
40%
85 Mötley Crüe Tommy Lee
36%
42 Black Sabbath Bill Ward
35%
86 AC/DC Phil Rudd
28%
26 Tool Danny Carey
26%
21 Deep Purple Ian Paice
26%
15 The Andrews Sisters Buddy Rich
25%
37 Toto Jeff Porcaro
25%
96 U2 Larry Mullen Jr
23%
98 Guns N' Roses Steven Adler
21%
16 King Crimson Bill Bruford
19%
47 Slayer Dave Lombardo
18%
22 The Band Levon Helm
18%
36 Journey Steve Smith
18%
55 Bruce Springsteen and the E Street Band Max Weinberg
16%
28 Vanilla Fudge, Cactus and Beck, Bogert & Appice Carmine Appice
13%
52 Soundgarden Matt Cameron
13%
45 Miles Davis' 'Bitches Brew', Mahavishnu Orchestra,... Billy Cobham
12%
24 Paul Simon, Van McCoy, Steely Dan Steve Gadd
12%
17 U.K., Frank Zappa Terry Bozzio
12%
7 The Frivolians, Joe Kayser, Joe Sullivan, Red Nichols,... Gene Krupa
11%
5 The Ronettes, Frank Sinatra, the Beach Boys, Elvis, the Supremes,... Hal Blaine
11%
70 The Ramones Tommy Ramone
11%
20 Aretha Franklin, Nina Simone,... Bernard Purdie
10%
50 Rainbow Cozy Powell
10%
19 Miles Davis, Mahavishnu Orchestra Tony Williams
10%
41 Dave Matthew's Band Carter Beauford
9%
23 John Coltrane Quartet Elvin Jones
8%
53 The Smashing Pumpkins Jimmy Chamberlin
8%
93 Meshuggah Thomas Haake
8%
69 The Melvins, Nirvana's 'Bleach' Dale Crover
7%
49 Frank Zappa's Group, Joni Mitchell, Sting,... Vinnie Colaiuta
7%
59 Derek & the Dominos, the Beach Boys' 'Pet Sounds',... Jim Gordon
6%
38 BB Kings' 'BB King in London', John Lennon, George Harrison,... Jim Keltner
6%
63 Parliament-Funkadelic Dennis Chambers
5%
13 Elvis Presley's Group D.J. Fontana
5%
57 Peter Gabriel, Sting,... Manu Katché
5%
77 The Velvet Underground Moe Tucker
5%
58 Marvin Gaye, Prince,... Sheila E.
5%
61 Blondie Clem Burke
4%
87 The Minutemen George Hurley
4%
79 The Kinks Mick Avory
4%
62 Chic Tony Thompson
4%
9 Al Green, Otis Redding, Eric Clapton, Ray Charles, Billy Preston,... Al Jackson Jr.
3%
11 The Funk Brothers Benny Benjamin
3%
89 Black Flag, Descendents,... Bill Stevenson
3%
100 Magma Christian Vander
3%
82 Wilco Glenn Kotche
3%
67 Sly and the Family Stone Greg Errico
3%
90 Sleater-Kinney, Quasi,... Janet Weiss
3%
74 Santana Michael Shrieve
3%
56 Little Feat Richie Hayward
3%
33 Koola Lobitos, Africa 70,... Tony Allen
3%
54 The Roots Ahmir "Questlove" Thompson
2%
29 Bob Marley & the Wailers Carlton Barrett
2%
97 Lenny Kravitz's live band,... Cindy Blackman
2%
46 Tower of Power Dave Garibaldi
2%
75 Bad Brains Earl Hudson
2%
40 Miles Davis' Group, John Coltrane,.... Jack DeJohnette
2%
84 Battles John Stanier
2%
73 Elvis Costello's Group Pete Thomas
2%
92 Neil Young's live band, the Rockets,... Ralph Molina
2%
39 Parliament-Funkadelic Ramon "Tiki" Fullwood
2%
31 The Muscle Shoals Rhythm Section Roger Hawkins
2%
80 Blues Brothers, Stevie Wonder, Neil Young,... Steve Jordan
2%
91 Lightning Bolt Brian Chippendale
1%
95 Adele's '21', D'Angelo's 'Black Messiah',... Chris Dave
1%
30 Bo Didley Clifton James
1%
6 James Brown's Group Clyde Stubblefield and John Starks
1%
25 Little Richard Earl Palmer
1%
76 The Trammps Earl Young
1%
35 The Aces, Muddy Waters, Bo Didley, Chuck Berry,... Fred Below
1%
72 The Ohio Players James "Diamond" Williams
1%
32 The Watts 103rd. St.Rythm Band, Bill Withers' Group,... James Gadson
1%
68 Parliament-Funkadelic Jerome "Bigfoot" Brailey
1%
44 Buddy Holly & the Crickets Jerry Alison
1%
48 Captain Beefheart's Magic Band John "Dumbo" French
1%
88 Mars Volta, Queens of the Stone Age,... Jon Theodore
1%
18 The Meters Joseph "Zigaboo" Modeliste
1%
81 Michael Jackson's 'Off The Wall', Daft Punk's 'RAM' JR Robinson
1%
66 John Mellencamp's Group, Studio recordings for the Rolling Stones, Bob Dylan,... Kenny Aronoff
1%
34 Grateful Dead Mickey Hart & Bill Kreutzmann
1%
78 Jeff Beck Group, Rod Stewart Micky Waller
1%
83 Decoding Society Ronald Shannon Jackson
1%
65 Rolling Stones' 'Some Girls',... Sly Dunbar
1%
71 The Allman Brothers Band Butch Truck & Jaimoe
0%
No matching quizzes found
Score Distribution
Percent of People with Each Score
Percentile by Number Answered
Your Score History
You have not taken this quiz